000 00722nas a2200229 4500
001 BR7603339
003 BR-BrBNA
005 20231205083007.0
007 ta
008 230509b bl.|||p| |||| 00| 00por d
040 _aBR-BrBNA
_bpor
_cBiblioteca Nacional de Agricultura
041 _a(Pt)
072 _aH10; H20
100 1 _aLordello, L.G.E.
245 1 _aSobre um caso de farmacopatologia [Heteroderas Schatti; Nematoide; Caapeba; Piper umbellatum; Brasil]
650 _aCAAPEBA
650 _aNEMATOIDE
650 _aPLANTA MEDICINAL
773 0 _tRevista de Agricultura (Brazil)
_xISSN 0034-7655
_g(Oct 1976), v. 51(2) p. 141-142
_wBR7603339
909 _a202311
_bLúcia
_c55
_dLúcia Elande
942 _2AGRIS
_n0
_cANA
999 _c95618
_d95618